Penser en féministe : Une révolution et sa philosophie (notice n° 2175119)
[ vue normale ]
| 000 -LEADER | |
|---|---|
| fixed length control field | 01439cam a2200133 4500500 |
| 005 - DATE AND TIME OF LATEST TRANSACTION | |
| control field | 20260405051052.0 |
| 041 ## - LANGUAGE CODE | |
| Language code of text/sound track or separate title | fre |
| 042 ## - AUTHENTICATION CODE | |
| Authentication code | dc |
| 100 10 - MAIN ENTRY--PERSONAL NAME | |
| Personal name | Hay, Carol |
| Relator term | author |
| 245 00 - TITLE STATEMENT | |
| Title | Penser en féministe : Une révolution et sa philosophie |
| 260 ## - PUBLICATION, DISTRIBUTION, ETC. | |
| Name of publisher, distributor, etc. | Armand Colin,<br/> |
| Date of publication, distribution, etc. | 2022.<br/> |
| 520 ## - SUMMARY, ETC. | |
| Summary, etc. | Passant en revue plus de deux cents ans de pensée féministe, ce titre audacieux propose une lecture du mouvement à la lumière d’éclairages philosophiques. Parmi les figures bien connues des bibliothèques françaises, on retrouve bien sûr Simone de Beauvoir, mais aussi Michel Foucault, Pascal ou Hubertine Auclert. Carol Hay revient sur la diversité des courants féministes, passés et actuels, leurs origines, leurs idées clés, et démêle leurs débats les plus récents, proposant des pistes de réflexion autour des questions fondamentales que sont l’origine des rôles genrés ou les liens entre le sexisme et d’autres formes d’oppression. À une époque où le mot féminisme déclenche toutes sortes de réactions, souvent contradictoires et mal informées, la philosophe donne à lire un examen clair et inspirant de ce que signifie être féministe aujourd’hui, sans se contenter d’analyses conceptuels mais proposant aussi des solutions à notre portée pour rendre les sociétés plus justes. |
| 856 41 - ELECTRONIC LOCATION AND ACCESS | |
| Uniform Resource Identifier | <a href="https://shs.cairn.info/penser-en-feministe--9782200633295?lang=fr&redirect-ssocas=7080">https://shs.cairn.info/penser-en-feministe--9782200633295?lang=fr&redirect-ssocas=7080</a> |
Pas d'exemplaire disponible.




Réseaux sociaux